[Event "Gran Canaria Santana Memorial 6th"]
[Site "Gran Canaria"]
[Date "2018.12.03"]
[Round "6.3"]
[White "Navarro Cabrera, Agustin"]
[Black "Sanchez Quintero, Raul"]
[Result "1/2-1/2"]
[WhiteElo "1856"]
[BlackElo "2010"]
[PlyCount "91"]
[EventDate "2018.11.16"]
[EventType "swiss"]
[EventRounds "7"]
[EventCountry "ESP"]
[SourceTitle "EXT 2024"]
[Source "ChessBase"]
[SourceDate "2023.10.10"]
[SourceVersion "1"]
[SourceVersionDate "2023.10.10"]
[SourceQuality "1"]

1. e4 e5 2. Nf3 d6 3. d4 exd4 4. Nxd4 Nf6 5. Nc3 Be7 6. f3 0-0 7. Bc4 c6 8. Bb3 Na6 9. Be3 Nc5 10. Qd2 Nxb3 11. axb3 d5 12. e5 Ne8 13. Nde2 Qc7 14. Bf4 Be6 15. g4 Bh4+ 16. Ng3 g5 17. Be3 d4 18. Qxd4 Rd8 19. Qxa7 Qxe5 20. Ke2 f5 21. Qc5 Bxg3 22. hxg3 Qxc5 23. Bxc5 Rf7 24. gxf5 Bxf5 25. Rac1 Nf6 26. Rcd1 Re8+ 27. Kd2 Nd7 28. Bd4 c5 29. Bf2 Bg6 30. f4 gxf4 31. gxf4 Rxf4 32. Bh4 Rg4 33. Rdg1 Rd4+ 34. Kc1 c4 35. Nb5 Rf4 36. bxc4 Rxc4 37. Rxg6+ hxg6 38. Nd6 Rxh4 39. Rxh4 Re6 40. Nxb7 g5 41. Rg4 Rg6 42. b4 Nf6 43. Rg2 g4 44. Nc5 g3 45. Kd2 Nd5 46. Ne4 1/2-1/2

[Event "Gran Canaria Santana Memorial 6th"]
[Site "Gran Canaria"]
[Date "2018.11.27"]
[Round "4.4"]
[White "Pujales Llanos, Jose Manuel"]
[Black "Navarro Cabrera, Agustin"]
[Result "0-1"]
[WhiteElo "1871"]
[BlackElo "1856"]
[PlyCount "114"]
[EventDate "2018.11.16"]
[EventType "swiss"]
[EventRounds "7"]
[EventCountry "ESP"]
[SourceTitle "EXT 2024"]
[Source "ChessBase"]
[SourceDate "2023.10.10"]
[SourceVersion "1"]
[SourceVersionDate "2023.10.10"]
[SourceQuality "1"]

1. Nf3 Nf6 2. c4 g6 3. b3 Bg7 4. Bb2 0-0 5. g3 d6 6. d4 c6 7. Bg2 Nbd7 8. 0-0 Qc7 9. Nc3 Re8 10. e4 e5 11. a4 exd4 12. Nxd4 Nc5 13. Re1 a5 14. Ba3 Ng4 15. Bxc5 dxc5 16. Nde2 Bd7 17. Qc2 Rad8 18. Rad1 Bc8 19. h3 Rxd1 20. Rxd1 Nf6 21. f4 Rd8 22. Rd2 Rxd2 23. Qxd2 Ne8 24. g4 f5 25. gxf5 gxf5 26. e5 Bh6 27. Qd3 Qd7 28. Qe3 Bf8 29. Kf2 Nc7 30. h4 Qg7 31. Bh3 Be7 32. Qg3 Na6 33. Kf3 Nb4 34. Qxg7+ Kxg7 35. h5 Nc2 36. Ng3 Nd4+ 37. Ke3 Be6 38. Nce2 Bh4 39. Nxd4 cxd4+ 40. Kf3 Bxg3 41. Kxg3 c5 42. Bg2 b6 43. Bd5 Bf7 44. h6+ Kg6 45. Kf3 Be8 46. Be6 Bc6+ 47. Bd5 Bd7 48. Bg8 Kxh6 49. e6 Bc6+ 50. Ke2 Kg7 51. Bf7 Kf6 52. Kd3 Bf3 53. Kd2 h5 54. Ke1 h4 55. Kf2 Bd1 56. Bg8 Bxb3 57. Kg2 d3 0-1

[Event "Las Palmas Insular-chT Pref 1617"]
[Site "Las Palmas"]
[Date "2016.12.03"]
[Round "6.4"]
[White "Navarro Cabrera, Agustin"]
[Black "Alba Santana, Cayetano"]
[Result "0-1"]
[WhiteElo "1797"]
[BlackElo "1813"]
[PlyCount "130"]
[EventDate "2016.10.22"]
[EventType "team-tourn"]
[EventRounds "14"]
[EventCountry "ESP"]
[SourceTitle "EXT 2018"]
[Source "ChessBase"]
[SourceDate "2017.10.13"]
[SourceVersion "1"]
[SourceVersionDate "2017.10.13"]
[SourceQuality "1"]
[WhiteTeam "Fundacion La Caja de Canarias"]
[BlackTeam "Grandama"]
[WhiteTeamCountry "ESP"]
[BlackTeamCountry "ESP"]

1. e4 c5 2. Nf3 d6 3. d4 cxd4 4. Nxd4 Nf6 5. Nc3 a6 6. Be2 e6 7. 0-0 Be7 8. Be3 0-0 9. f4 Qc7 10. Kh1 Nc6 11. Qe1 Bd7 12. Qg3 Kh8 13. Rad1 b5 14. a3 Rac8 15. h3 Nxd4 16. Bxd4 Bc6 17. e5 dxe5 18. Bxe5 Qb7 19. h4 Rcd8 20. h5 h6 21. Qh3 Rxd1 22. Nxd1 Nd7 23. Bc3 Bf6 24. Bxf6 Nxf6 25. Ne3 Be4 26. f5 Qe7 27. Qh4 exf5 28. Bd1 Qe5 29. c3 Bd3 30. Re1 Ne4 31. Kg1 Re8 32. Bc2 Bxc2 33. Nxc2 Qc5+ 34. Nd4 Kh7 35. Rf1 g6 36. hxg6+ fxg6 37. Qf4 Qe5 38. Qxe5 Rxe5 39. Nf3 Rd5 40. Nd4 h5 41. Ra1 a5 42. a4 b4 43. cxb4 Rxd4 44. bxa5 Nc5 45. Ra3 Na6 46. Kf2 Rd5 47. Rc3 Rxa5 48. b3 Kh6 49. Rc4 Kg5 50. g3 Nc5 51. b4 Rxa4 52. Rxc5 Rxb4 53. Rc3 Re4 54. Rc6 h4 55. gxh4+ Rxh4 56. Kf3 Ra4 57. Rb6 Ra3+ 58. Kf2 f4 59. Rc6 Ra2+ 60. Kf3 Ra3+ 61. Kf2 Re3 62. Rb6 Kf5 63. Rb8 g5 64. Rf8+ Kg4 65. Rf7 Ra3 0-1

[Event "Las Palmas Insular-chT Segunda-A 1617"]
[Site "Las Palmas"]
[Date "2016.11.12"]
[Round "4.1"]
[White "Falcon Diaz, Francisco Samuel"]
[Black "Navarro Cabrera, Agustin"]
[Result "1/2-1/2"]
[WhiteElo "1654"]
[BlackElo "1797"]
[PlyCount "58"]
[EventDate "2016.10.22"]
[EventType "team-tourn"]
[EventRounds "14"]
[EventCountry "ESP"]
[SourceTitle "EXT 2018"]
[Source "ChessBase"]
[SourceDate "2017.10.13"]
[SourceVersion "1"]
[SourceVersionDate "2017.10.13"]
[SourceQuality "1"]
[WhiteTeam "Guia Univac III"]
[BlackTeam "Fundacion La Caja de Canarias III"]
[WhiteTeamCountry "ESP"]
[BlackTeamCountry "ESP"]

1. e4 d6 2. d4 Nf6 3. Bd3 e5 4. dxe5 dxe5 5. Bb5+ Nbd7 6. Bg5 c6 7. Bc4 Be7 8. Nc3 b5 9. Bd3 0-0 10. Be3 Bc5 11. Qd2 Bxe3 12. Qxe3 Qe7 13. a3 a5 14. Nh3 Nc5 15. Rd1 b4 16. axb4 axb4 17. Ne2 h6 18. f3 Bxh3 19. gxh3 Nxd3+ 20. cxd3 Ra2 21. Rg1 Kh7 22. Qd2 Nh5 23. Ng3 Nxg3 24. hxg3 Qc5 25. Rg2 Qd4 26. Rc1 Rd8 27. Rd1 c5 28. Qf2 Qd6 29. Qc2 Ra7 1/2-1/2

[Event "Las Palmas Insular-chT Pref 1617"]
[Site "Las Palmas"]
[Date "2016.10.29"]
[Round "2.4"]
[White "Navarro Cabrera, Agustin"]
[Black "Marrero Cardenes, Agustin"]
[Result "0-1"]
[WhiteElo "1797"]
[BlackElo "2030"]
[PlyCount "78"]
[EventDate "2016.10.22"]
[EventType "team-tourn"]
[EventRounds "14"]
[EventCountry "ESP"]
[SourceTitle "EXT 2018"]
[Source "ChessBase"]
[SourceDate "2017.10.13"]
[SourceVersion "1"]
[SourceVersionDate "2017.10.13"]
[SourceQuality "1"]
[WhiteTeam "Fundacion La Caja de Canarias"]
[BlackTeam "Guia Univac"]
[WhiteTeamCountry "ESP"]
[BlackTeamCountry "ESP"]

1. e4 c6 2. d4 d5 3. Nc3 dxe4 4. Nxe4 Nf6 5. Nxf6+ gxf6 6. c3 Bf5 7. Nf3 Qc7 8. g3 Nd7 9. Bg2 e6 10. Bf4 Qb6 11. Qe2 Bg7 12. Nh4 Bg6 13. 0-0 0-0 14. Nxg6 hxg6 15. Be3 Rfe8 16. Qc2 Qc7 17. Rad1 Rad8 18. c4 f5 19. b4 a5 20. a3 axb4 21. axb4 Nb6 22. Rd3 Rd7 23. Rfd1 Red8 24. Bg5 Bxd4 25. Bxd8 Qxd8 26. c5 Nc8 27. Qc4 e5 28. Kh1 Na7 29. f4 Nb5 30. fxe5 Kg7 31. e6 fxe6 32. Qxe6 Re7 33. Qc4 Rd7 34. h3 Qf6 35. Re1 Kh7 36. Re8 Rf7 37. Qe6 Qg7 38. Rd8 Re7 39. Qxe7 Qxe7 0-1

[Event "Las Palmas Insular-chT Primera-B 1617"]
[Site "Las Palmas"]
[Date "2016.10.22"]
[Round "1.3"]
[White "Sanabria Taskila, Daniel Kristia"]
[Black "Navarro Cabrera, Agustin"]
[Result "0-1"]
[WhiteElo "1648"]
[BlackElo "1797"]
[PlyCount "68"]
[EventDate "2016.10.22"]
[EventType "team-tourn"]
[EventRounds "14"]
[EventCountry "ESP"]
[SourceTitle "EXT 2018"]
[Source "ChessBase"]
[SourceDate "2017.10.13"]
[SourceVersion "1"]
[SourceVersionDate "2017.10.13"]
[SourceQuality "1"]
[WhiteTeam "Telde Los Llanos"]
[BlackTeam "Fundacion La Caja de Canarias II"]
[WhiteTeamCountry "ESP"]
[BlackTeamCountry "ESP"]

1. e4 d6 2. d4 Nf6 3. Nc3 e5 4. Nf3 Nbd7 5. Bc4 Be7 6. h3 0-0 7. g4 exd4 8. Qxd4 c5 9. Qd3 Ne5 10. Nxe5 dxe5 11. Qe2 Be6 12. Bd2 Bxc4 13. Qxc4 a6 14. g5 b5 15. Qe2 Nd7 16. h4 Nb6 17. 0-0-0 Qc7 18. h5 b4 19. Nd5 Nxd5 20. exd5 c4 21. g6 c3 22. h6 cxd2+ 23. Qxd2 Bf6 24. hxg7 Bxg7 25. gxh7+ Kh8 26. d6 Qd7 27. Rdg1 f5 28. Qxb4 Rab8 29. Qd2 e4 30. b3 Rbd8 31. Rg6 Rf6 32. Rhg1 Rxg6 33. Rxg6 Qe8 34. Rg1 Qe5 0-1

[Event "Las Palmas Insular-chT Primera-A"]
[Site "Las Palmas"]
[Date "2016.03.05"]
[Round "13.2"]
[White "Mengibar Martinez, Manuel"]
[Black "Navarro Cabrera, Agustin"]
[Result "0-1"]
[WhiteElo "1808"]
[BlackElo "1802"]
[PlyCount "93"]
[EventDate "2015.10.17"]
[EventType "team-tourn"]
[EventRounds "14"]
[EventCountry "ESP"]
[SourceTitle "EXT 2017"]
[Source "ChessBase"]
[SourceDate "2016.10.25"]
[SourceVersion "1"]
[SourceVersionDate "2016.10.25"]
[SourceQuality "1"]
[WhiteTeam "Panaderia Pulido San Mateo II"]
[BlackTeam "La Caja de Canarias III"]
[WhiteTeamCountry "ESP"]
[BlackTeamCountry "ESP"]

1. e4 Nf6 2. e5 Nd5 3. d4 d6 4. f4 g6 5. Nf3 Bg7 6. Nc3 Nxc3 7. bxc3 0-0 8. Bc4 d5 9. Bd3 Bg4 10. 0-0 c5 11. Qe1 c4 12. Be2 Bf5 13. Qd2 Qa5 14. Nh4 Be4 15. Bf3 Bxf3 16. Rxf3 f6 17. g4 fxe5 18. fxe5 Nc6 19. Qe2 Rxf3 20. Qxf3 e6 21. Bg5 Rf8 22. Bf6 Qb6 23. g5 Nxd4 24. Qf2 Ne2+ 25. Kf1 Qxf2+ 26. Kxf2 Nxc3 27. Nf3 Re8 28. Ke3 Bf8 29. Kd4 Ne4 30. Ke3 Bc5+ 31. Ke2 b5 32. Nd2 Nc3+ 33. Kf3 Rc8 34. h4 h5 35. gxh6 Kh7 36. Kg4 Kxh6 37. Bg5+ Kh7 38. Bf6 Be3 39. Nf3 Re8 40. Ng5+ Kg8 41. h5 Bxg5 42. Kxg5 gxh5 43. Kxh5 Kf7 44. a3 Rg8 45. Bg5 Ne4 46. Rf1+ Ke8 47. Bh6 0-1

[Event "Gran Canaria Santana Memorial 4th"]
[Site "Gran Canaria"]
[Date "2015.12.11"]
[Round "9"]
[White "Galvan Sarmiento, Jose Luis"]
[Black "Navarro Cabrera, Agustin"]
[Result "1-0"]
[WhiteElo "1952"]
[BlackElo "1797"]
[PlyCount "51"]
[EventDate "2015.11.20"]
[EventType "swiss"]
[EventRounds "9"]
[EventCountry "ESP"]
[SourceTitle "EXT 2017"]
[Source "ChessBase"]
[SourceDate "2016.10.25"]
[SourceVersion "1"]
[SourceVersionDate "2016.10.25"]
[SourceQuality "1"]

1. d4 Nf6 2. Bf4 g6 3. e3 Bg7 4. Nf3 0-0 5. Be2 c5 6. c3 b6 7. Nbd2 Bb7 8. 0-0 d6 9. h3 Nbd7 10. Qb3 Rc8 11. a4 a6 12. Bh2 Qc7 13. Rfd1 cxd4 14. exd4 Qc6 15. Bf1 Nh5 16. Re1 e5 17. g4 Nf4 18. Bxf4 exf4 19. Re7 Bf6 20. Re2 Kg7 21. Bg2 Rfe8 22. Rae1 Rxe2 23. Rxe2 Nf8 24. Qb4 Ne6 25. d5 Qxd5 26. Ne1 1-0

[Event "Las Palmas Insular-chT Pref"]
[Site "Las Palmas "]
[Date "2015.12.05"]
[Round "5.4"]
[White "Gutierrez Clavijo, Miguel"]
[Black "Navarro Cabrera, Agustin"]
[Result "0-1"]
[WhiteElo "2035"]
[BlackElo "1813"]
[PlyCount "80"]
[EventDate "2015.10.17"]
[EventType "team-tourn"]
[EventRounds "14"]
[EventCountry "ESP"]
[SourceTitle "CBM 170 Extra"]
[Source "ChessBase"]
[SourceDate "2016.02.25"]
[SourceVersion "1"]
[SourceVersionDate "2016.02.25"]
[SourceQuality "1"]
[WhiteTeam "Sociedad La Montana"]
[BlackTeam "La Caja de Canarias"]
[WhiteTeamCountry "ESP"]
[BlackTeamCountry "ESP"]

1. d4 Nf6 2. c4 g6 3. Nc3 d5 4. Nf3 Bg7 5. cxd5 Nxd5 6. Qb3 Nxc3 7. bxc3 0-0 8. e3 Nc6 9. Ba3 b6 10. Be2 Be6 11. Qa4 Bd7 12. Qc2 Re8 13. 0-0 e5 14. d5 Na5 15. Nd2 c6 16. Rad1 cxd5 17. Nb3 Nxb3 18. Rxd5 Qc8 19. axb3 Bc6 20. Rd2 Qb7 21. f3 Bh6 22. Kf2 Rad8 23. Rfd1 Rxd2 24. Qxd2 a6 25. Qd6 Bf8 26. Bxa6 Qa8 27. Qd3 Bxa3 28. b4 e4 29. Qe2 exf3 30. gxf3 Bb2 31. Bc4 Bxf3 32. Bxf7+ Kxf7 33. Qc4+ Kf8 34. Qf4+ Kg8 35. Qc4+ Bd5 36. Rxd5 Qc8 37. Qa2 Qe6 38. e4 Rf8+ 39. Ke3 Qh3+ 40. Ke2 Qf1+ 0-1

[Event "Gran Canaria Santana Memorial 4th"]
[Site "Gran Canaria"]
[Date "2015.12.02"]
[Round "6"]
[White "Navarro Cabrera, Agustin"]
[Black "Alba Santana, Cayetano"]
[Result "1-0"]
[WhiteElo "1797"]
[BlackElo "1783"]
[PlyCount "75"]
[EventDate "2015.11.20"]
[EventType "swiss"]
[EventRounds "9"]
[EventCountry "ESP"]
[SourceTitle "EXT 2019"]
[Source "ChessBase"]
[SourceDate "2018.10.10"]
[SourceVersion "1"]
[SourceVersionDate "2018.10.10"]
[SourceQuality "1"]

1. e4 c5 2. Nc3 Nc6 3. Bb5 Nd4 4. Bc4 e6 5. Nf3 a6 6. a4 Qc7 7. d3 g6 8. Nxd4 cxd4 9. Ne2 Bg7 10. f4 Ne7 11. 0-0 f5 12. Bb3 b6 13. Ng3 d5 14. Qe2 0-0 15. Bd2 a5 16. Rae1 Ra7 17. Qf3 Qd6 18. e5 Qc5 19. Ne2 Nc6 20. Qf2 Rd8 21. Rc1 Bf8 22. Kh1 Bb7 23. Qf3 Qe7 24. Qf2 Qd7 25. h4 h5 26. Be1 Kh7 27. Qg3 Be7 28. Bf2 Bc5 29. Qh2 Rf8 30. Qg1 Qe7 31. g3 Ba8 32. Nxd4 Nxd4 33. Bxd4 Bc6 34. Kh2 Bxd4 35. Qxd4 Qc5 36. c3 Rb7 37. Qf2 Qxf2+ 38. Rxf2 1-0

[Event "Las Palmas Insular-chT Pref-B"]
[Site "Las Palmas"]
[Date "2015.11.28"]
[Round "4.1"]
[White "Navarro Cabrera, Agustin"]
[Black "Rodriguez Perez, Jose Manuel"]
[Result "1/2-1/2"]
[WhiteElo "1813"]
[BlackElo "2009"]
[PlyCount "129"]
[EventDate "2015.10.17"]
[EventType "team-tourn"]
[EventRounds "14"]
[EventCountry "ESP"]
[SourceTitle "CBM 170 Extra"]
[Source "ChessBase"]
[SourceDate "2016.02.25"]
[SourceVersion "1"]
[SourceVersionDate "2016.02.25"]
[SourceQuality "1"]
[WhiteTeam "La Caja de Canarias II"]
[BlackTeam "Drago de Sataute Centro Goya III"]
[WhiteTeamCountry "ESP"]
[BlackTeamCountry "ESP"]

1. e4 Nf6 2. e5 Ng8 3. d4 d6 4. exd6 exd6 5. Nf3 Nf6 6. c4 Qe7+ 7. Be2 Nc6 8. 0-0 Bg4 9. Nc3 Qd7 10. Bf4 Be7 11. h3 Bh5 12. g4 Bxg4 13. hxg4 Qxg4+ 14. Bg3 h5 15. Nh4 Qxd4 16. Qxd4 Nxd4 17. Nf3 Nxe2+ 18. Nxe2 Ne4 19. Nc3 Nxg3 20. fxg3 0-0-0 21. Nd5 Rhe8 22. Rae1 Kd7 23. Nxe7 Rxe7 24. Rxe7+ Kxe7 25. Nd4 g6 26. Re1+ Kd7 27. Kf2 c6 28. Kf3 Rh8 29. Re2 h4 30. Rh2 c5 31. Nb5 a6 32. Nc3 g5 33. Ne4 b5 34. b3 bxc4 35. bxc4 Rb8 36. Nxg5 hxg3 37. Kxg3 Rb4 38. Rc2 f6 39. Ne4 Ke6 40. Kf3 Ke5 41. Ke3 f5 42. Nf2 f4+ 43. Kd3 Ra4 44. Re2+ Kf5 45. Nd1 Ra3+ 46. Nc3 f3 47. Rf2 Kf4 48. Kd2 Kg3 49. Ne4+ Kf4 50. Nc3 Kg4 51. Kc2 Kg3 52. Ne4+ Kf4 53. Nc3 Ke3 54. Nd1+ Kd4 55. Rd2+ Kxc4 56. Rxd6 Rxa2+ 57. Nb2+ Kb5 58. Rf6 Ra3 59. Nd3 c4 60. Rf5+ Ka4 61. Nc5+ Kb4 62. Nxa6+ Rxa6 63. Rxf3 Ra2+ 64. Kc1 c3 65. Rf8 1/2-1/2

[Event "Gran Canaria Santana Memorial 4th"]
[Site "Gran Canaria"]
[Date "2015.11.23"]
[Round "2"]
[White "Navarro Cabrera, Agustin"]
[Black "Rojas Mirabal, Pedro"]
[Result "1/2-1/2"]
[WhiteElo "1797"]
[BlackElo "2111"]
[PlyCount "60"]
[EventDate "2015.11.20"]
[EventType "swiss"]
[EventRounds "9"]
[EventCountry "ESP"]
[SourceTitle "EXT 2017"]
[Source "ChessBase"]
[SourceDate "2016.10.25"]
[SourceVersion "1"]
[SourceVersionDate "2016.10.25"]
[SourceQuality "1"]

1. e4 c5 2. Nf3 Nc6 3. Bb5 d6 4. Bxc6+ bxc6 5. d3 g6 6. Nbd2 Bg7 7. 0-0 Nh6 8. h3 0-0 9. Nb3 a5 10. a4 e5 11. Bd2 f5 12. Qe1 fxe4 13. Qxe4 Be6 14. Qxc6 Nf7 15. Nxa5 Rxa5 16. Bxa5 Qxa5 17. Qb5 Qc7 18. a5 Bd5 19. Nd2 Ng5 20. a6 Qc8 21. Ne4 Nxh3+ 22. Kh2 Nf4 23. f3 Qf5 24. Rf2 Bh6 25. g4 Qe6 26. Qb6 Bxe4 27. dxe4 Qf6 28. Kg3 Ne2+ 29. Kg2 Nf4+ 30. Kg3 Ne2+ 1/2-1/2

[Event "Las Palmas Insular-chT Pref"]
[Site "Las Palmas "]
[Date "2015.11.07"]
[Round "2.4"]
[White "Rossello Padron, Carlos Eduardo"]
[Black "Navarro Cabrera, Agustin"]
[Result "0-1"]
[WhiteElo "1819"]
[BlackElo "1813"]
[PlyCount "86"]
[EventDate "2015.10.17"]
[EventType "team-tourn"]
[EventRounds "14"]
[EventCountry "ESP"]
[SourceTitle "CBM 170 Extra"]
[Source "ChessBase"]
[SourceDate "2016.02.25"]
[SourceVersion "1"]
[SourceVersionDate "2016.02.25"]
[SourceQuality "1"]
[WhiteTeam "Piscolabis Oleaje San Andres"]
[BlackTeam "La Caja de Canarias"]
[WhiteTeamCountry "ESP"]
[BlackTeamCountry "ESP"]

1. b3 Nf6 2. Bb2 d5 3. e3 c5 4. f4 Nc6 5. Bb5 a6 6. Bxc6+ bxc6 7. Nf3 e6 8. 0-0 Be7 9. d3 0-0 10. Ne5 Bb7 11. Nd2 Nd7 12. Nxd7 Qxd7 13. Qg4 f6 14. Rae1 Rf7 15. e4 Bf8 16. f5 e5 17. Rf3 a5 18. a4 Ba6 19. Qh5 c4 20. Rh3 h6 21. Qg6 Kh8 22. Bc1 cxd3 23. cxd3 Qe8 24. Rg3 Rd7 25. Qg4 Qf7 26. Kh1 dxe4 27. dxe4 Rad8 28. Nf1 Bb4 29. Bxh6 gxh6 30. Qh4 h5 31. Rg6 Bxe1 32. Qxh5+ Qh7 33. Rh6 Bxf1 34. Qg6 Bxg2+ 35. Kg1 Bh4 36. Qh5 Qxh6 37. Qxh6+ Rh7 38. Qc1 Rg8 39. Qc5 Bh3+ 40. Kh1 Rhg7 41. b4 Bg2+ 42. Kg1 Bxe4+ 43. Kf1 Rg1+ 0-1

[Event "Canarias-chT"]
[Site "Vecindario"]
[Date "2015.06.11"]
[Round "1.2"]
[White "Navarro Cabrera, Agustin"]
[Black "Alayon Hernandez, Francisco"]
[Result "1-0"]
[WhiteElo "1802"]
[BlackElo "2034"]
[PlyCount "87"]
[EventDate "2015.06.11"]
[EventType "team-swiss"]
[EventRounds "6"]
[EventCountry "ESP"]
[SourceTitle "EXT 2024"]
[Source "ChessBase"]
[SourceDate "2023.10.10"]
[SourceVersion "1"]
[SourceVersionDate "2023.10.10"]
[SourceQuality "1"]
[WhiteTeam "La Caja de Canarias"]
[BlackTeam "Tres W"]
[WhiteTeamCountry "ESP"]
[BlackTeamCountry "ESP"]

1. e4 c5 2. d4 cxd4 3. c3 d5 4. e5 d3 5. Bxd3 e6 6. f4 Bc5 7. Nf3 Nh6 8. Nd4 a6 9. Nd2 Nc6 10. N2b3 Ba7 11. Be3 Na5 12. Qe2 Bd7 13. Nxa5 Qxa5 14. Nb3 Qc7 15. Bxa7 Rxa7 16. Nd4 Qd8 17. Qh5 Qb6 18. Rb1 Nf5 19. Bxf5 exf5 20. Qf3 Qa5 21. a3 Qc5 22. Qd3 Qc8 23. Kd2 Be6 24. h4 h5 25. Qg3 Kf8 26. Qd3 Rh6 27. Rh3 Rg6 28. Rg3 b5 29. Rxg6 fxg6 30. Qg3 Kf7 31. Re1 Re7 32. Qd3 Qc5 33. a4 Qc4 34. axb5 axb5 35. Ra1 Qxd3+ 36. Kxd3 Rb7 37. Ra6 Bc8 38. Rc6 Rb8 39. Rc7+ Kf8 40. Ra7 b4 41. cxb4 Rxb4 42. b3 Rb7 43. Ra8 Rc7 44. Ne6+ 1-0

[Event "Las Palmas Insular-chT Pref-B"]
[Site "Las Palmas"]
[Date "2015.04.18"]
[Round "14.3"]
[White "Navarro Cabrera, Agustin"]
[Black "Mesa Cabrera, Jonathan"]
[Result "1-0"]
[WhiteElo "1802"]
[BlackElo "1776"]
[PlyCount "87"]
[EventDate "2014.11.22"]
[EventType "team-tourn"]
[EventRounds "14"]
[EventCountry "ESP"]
[SourceTitle "EXT 2018"]
[Source "ChessBase"]
[SourceDate "2017.10.13"]
[SourceVersion "1"]
[SourceVersionDate "2017.10.13"]
[SourceQuality "1"]
[WhiteTeam "La Caja de Canarias II"]
[BlackTeam "Real Club Victoria"]
[WhiteTeamCountry "ESP"]
[BlackTeamCountry "ESP"]

1. e4 e5 2. Nf3 Nc6 3. Bc4 Be7 4. 0-0 Nf6 5. Re1 0-0 6. d4 Nxe4 7. dxe5 Ng5 8. Nc3 Ne6 9. Nd5 Bc5 10. c3 Ne7 11. Nxe7+ Qxe7 12. b4 Bb6 13. a4 a5 14. b5 Bxf2+ 15. Kxf2 Qc5+ 16. Re3 Qxc4 17. Qc2 d5 18. exd6 cxd6 19. Re4 Qc5+ 20. Ke1 Qf5 21. Nh4 Qd5 22. c4 Qc5 23. Be3 Qc7 24. Nf3 f5 25. Rh4 Qe7 26. Kd2 g6 27. Re1 Qd8 28. Bh6 Rf7 29. g3 b6 30. Kc1 Bb7 31. Rxe6 Bxf3 32. Qc3 Be4 33. Kb2 d5 34. Qe5 dxc4 35. Rxg6+ hxg6 36. Bg5 Rf6 37. Rh8+ Kxh8 38. Bxf6+ Qxf6 39. Qxf6+ Kh7 40. Qxb6 Rc8 41. Kc3 Ra8 42. Qc7+ Kh6 43. b6 Kg5 44. b7 1-0

[Event "Las Palmas Insular-chT Pref-B"]
[Site "Las Palmas"]
[Date "2015.04.11"]
[Round "13.2"]
[White "Navarro Cabrera, Agustin"]
[Black "Martinez Molina, Jose Juan"]
[Result "1/2-1/2"]
[WhiteElo "1802"]
[BlackElo "1828"]
[PlyCount "134"]
[EventDate "2014.11.22"]
[EventType "team-tourn"]
[EventRounds "14"]
[EventCountry "ESP"]
[SourceTitle "EXT 2018"]
[Source "ChessBase"]
[SourceDate "2017.10.13"]
[SourceVersion "1"]
[SourceVersionDate "2017.10.13"]
[SourceQuality "1"]
[WhiteTeam "La Caja de Canarias II"]
[BlackTeam "Villa de Teror Goya III"]
[WhiteTeamCountry "ESP"]
[BlackTeamCountry "ESP"]

1. e4 c5 2. Nf3 e6 3. d4 cxd4 4. c3 dxc3 5. Nxc3 a6 6. Bg5 Qa5 7. Bc4 Nf6 8. 0-0 Nc6 9. a3 Ne5 10. Nxe5 Qxe5 11. Bxf6 gxf6 12. Bb3 Qf4 13. Nd5 exd5 14. Qxd5 Be7 15. Qxf7+ Kd8 16. Rac1 Rf8 17. Qd5 Qd6 18. Qh5 b6 19. Rfd1 Qe5 20. Qh3 Ra7 21. Qd3 Rc7 22. Rxc7 Qxc7 23. Be6 d6 24. Bxc8 Qxc8 25. Qe3 Qc5 26. Qh6 Qc2 27. Rc1 Qxe4 28. Qh3 Qb7 29. Qxh7 Qd7 30. Qd3 Qb7 31. Qf5 Rg8 32. g3 Rg5 33. Qh7 Rc5 34. Re1 Qd7 35. h4 f5 36. h5 f4 37. h6 fxg3 38. fxg3 Bf6 39. Qd3 b5 40. Qf3 Bd4+ 41. Kh2 Rc2+ 42. Re2 Rxb2 43. Rxb2 Bxb2 44. Qd3 Be5 45. h7 a5 46. Qe4 Qg7 47. Kg2 Qxg3+ 48. Kf1 Qg7 49. Ke2 Kc7 50. Qe3 Kb7 51. Qe4+ Kb6 52. a4 bxa4 53. Qb1+ Bb2 54. Qd3 a3 55. Qxd6+ Kb7 56. Qd5+ Kc7 57. Qxa5+ Kd7 58. Qf5+ Ke8 59. Qb5+ Kf7 60. Qf5+ Qf6 61. Qh5+ Kf8 62. Kd1 a2 63. Qc5+ Ke8 64. Qb5+ Ke7 65. Qe2+ Kf8 66. h8Q+ Qxh8 67. Qf3+ Qf6 1/2-1/2

[Event "Las Palmas Insular-chT Pref-B"]
[Site "Las Palmas"]
[Date "2015.02.28"]
[Round "8.1"]
[White "Illijin, Neboisa"]
[Black "Navarro Cabrera, Agustin"]
[Result "0-1"]
[WhiteElo "2150"]
[BlackElo "1802"]
[PlyCount "102"]
[EventDate "2014.11.22"]
[EventType "team-tourn"]
[EventRounds "14"]
[EventCountry "ESP"]
[SourceTitle "EXT 2016"]
[Source "ChessBase"]
[SourceDate "2015.10.08"]
[SourceVersion "1"]
[SourceVersionDate "2015.10.08"]
[SourceQuality "1"]
[WhiteTeam "Los Llanos Telde"]
[BlackTeam "La Caja de Canarias II"]
[WhiteTeamCountry "ESP"]
[BlackTeamCountry "ESP"]

1. e4 Nf6 2. e5 Nd5 3. d4 d6 4. Nf3 Nb6 5. exd6 cxd6 6. Bd3 g6 7. 0-0 Bg7 8. Bg5 h6 9. Bf4 Nc6 10. c3 Be6 11. Qe2 g5 12. Bg3 Qd7 13. Re1 0-0-0 14. a4 Bf5 15. a5 Bxd3 16. Qxd3 Nd5 17. a6 b6 18. c4 Nc7 19. Nc3 f5 20. Nb5 f4 21. Qe4 d5 22. Qg6 Bf6 23. Rac1 dxc4 24. Nxc7 Kxc7 25. Rxc4 Kb8 26. Qe4 Na5 27. Rc2 fxg3 28. hxg3 Qd5 29. b4 Qxe4 30. Rxe4 Nb3 31. Rce2 Nxd4 32. Nxd4 Rxd4 33. Rxd4 Bxd4 34. Rxe7 Rf8 35. Re2 b5 36. Kh2 Rf6 37. f3 Kc7 38. Re4 Bc3 39. Kh3 Kb6 40. Kg4 Kxa6 41. f4 gxf4 42. gxf4 Kb6 43. f5 a5 44. bxa5+ Kxa5 45. Kf4 b4 46. Rc4 Ka4 47. g4 Kb3 48. Rc8 Kb2 49. Rd8 b3 50. g5 hxg5+ 51. Kxg5 Kc2 0-1

[Event "Las Palmas Insular-chT Pref-B"]
[Site "Las Palmas"]
[Date "2015.01.24"]
[Round "5.2"]
[White "Monteiro Rodrigues, Carlos"]
[Black "Navarro Cabrera, Agustin"]
[Result "0-1"]
[WhiteElo "1512"]
[BlackElo "1802"]
[PlyCount "69"]
[EventDate "2014.11.22"]
[EventType "team-tourn"]
[EventRounds "14"]
[EventCountry "ESP"]
[SourceTitle "EXT 2016"]
[Source "ChessBase"]
[SourceDate "2015.10.08"]
[SourceVersion "1"]
[SourceVersionDate "2015.10.08"]
[SourceQuality "1"]
[WhiteTeam "La Bagacera II"]
[BlackTeam "La Caja de Canarias II"]
[WhiteTeamCountry "ESP"]
[BlackTeamCountry "ESP"]

1. e4 Nf6 2. e5 Nd5 3. Nf3 d6 4. Bc4 Nb6 5. Bb3 e6 6. d4 dxe5 7. Nxe5 N8d7 8. Nf3 a5 9. 0-0 a4 10. Bxe6 fxe6 11. Ng5 Nf6 12. Re1 h6 13. Ne4 Ra5 14. Nbc3 Bb4 15. a3 Bxc3 16. Nxc3 0-0 17. Be3 Nc4 18. Bc1 Nd5 19. Ne4 b6 20. c3 Nf6 21. Qd3 Nd6 22. Ng3 Nf5 23. Ne4 Nxe4 24. Rxe4 Qf6 25. Rf4 g5 26. Rf3 Bb7 27. Rh3 Ba6 28. Qc2 g4 29. Rh5 Ne3 30. Bxe3 Rxh5 31. Qxa4 Ra5 32. Qc6 Rf5 33. f3 gxf3 34. g3 f2+ 35. Kg2 0-1